000 00922nam a2200253 4500
005 20240530110549.0
008 160618s2013 ua a|||g bd|| 00| 0 ara d
017 _a2013/3661
_bمصر. دار الكتب المصرية
020 _a9789771028567
040 _aEG-CaGPL
082 0 4 _a523/
_bش ف
_221
100 0 _aشريف محمد عبدالله
245 1 2 _aالفلك للجميع :
_bرحلة فى اعماق الكون /
_cالمؤلف شريف محمد عبدالله.
250 _aط. 1.
260 _aالقاهرة :
_bدار الفكر العربي؛
_c2013.
300 _a192 ص. :
_bايض. ؛
_c24 سم.
500 _aيشتمل على قائمة بالمصطلحات.
504 _aببليوجرافية : ص. 187-188.
650 0 4 _aالفلك الوصفى
650 0 4 _aالكون
650 0 4 _aالمجرات (فلك)
942 _2ddc
_cBK
999 _c62415
_d62415